| 000 | 00562nam a2200193Ia 4500 | ||
|---|---|---|---|
| 005 | 20250508152707.0 | ||
| 008 | 008 250505s9999 xx 000 0 eng d | ||
| 037 | _aTextual | ||
| 040 |
_aFEDL _beng _cFEDL |
||
| 041 |
_aeng _2eng |
||
| 084 |
_a300, JUN _qFEDL |
||
| 100 |
_aJunker Buford H _9348236 |
||
| 245 | 0 | _aField work: An introduction to the social sciences | |
| 260 |
_aLondon, UK _bThe University of Chicago Press _c1960 |
||
| 300 | _axvii,209p. | ||
| 650 | _aSocial Science | ||
| 942 |
_cTEXL _h300, JUN |
||
| 999 |
_c1338094 _d1338094 |
||